Bambino - Recycled J, Selecta - Estadísticas

Estadísticas generales
  • Esta prueba ha sido intentada 52 veces
  • La puntuación promedio es 208 de 327
Estadísticas de respuestas
Letra % Correcto
es
92%
no
92%
No
92%
y
92%
Y
92%
a
85%
de
85%
él
85%
el
85%
la
85%
te
85%
Te
85%
85%
85%
tu
85%
ya
85%
bambino
77%
pa'
77%
que
77%
77%
Se
77%
Si
77%
un
77%
Un
77%
ha
69%
Ha-ha
69%
Le
69%
lo
69%
los
69%
Mami,
69%
mi
69%
o
69%
para
69%
Pero
69%
pero
69%
por
69%
Por
69%
quieres
69%
saber
69%
ser
69%
verano
69%
al
62%
amour
62%
Como
62%
con
62%
días
62%
en
62%
ese
62%
este
62%
flush
62%
Jesús,
62%
kilo
62%
me
62%
mon
62%
na'
62%
ni
62%
pasan
62%
puedo
62%
recé
62%
sientes
62%
Soy
62%
tenerte
62%
ti
62%
Vuelve
62%
vuelve
62%
vuelves
62%
yo
62%
ahora
54%
Baby,
54%
caretas
54%
carita
54%
del
54%
detrás
54%
direct;
54%
Direct;
54%
doler
54%
frío
54%
he
54%
perdí
54%
piel
54%
pudo
54%
puede
54%
quedan
54%
rota
54%
toca
54%
tren
54%
ábreme
46%
amor
46%
atravesar
46%
avaricioso,
46%
cien
46%
consigo
46%
estar
46%
hijo
46%
junto
46%
mis
46%
nunca
46%
olvide
46%
puta
46%
tengo
46%
tiem-po
46%
vampiro
46%
anillo,
38%
caro,
38%
chino
38%
convertido
38%
divertido
38%
era
38%
escaparates
38%
hilos
38%
Jugar
38%
miro
38%
nada
38%
Oro
38%
parecía
38%
preferío'
38%
querías
38%
quiero
38%
Rosa
38%
tanto
38%
vendido
38%
vuelto
38%
aquí
31%
bolsa
31%
comprarte
31%
cuenta
31%
culpa
31%
derretío'
31%
diez
31%
Haz
31%
llorón
31%
Pediste
31%
puse
31%
Quisiste
31%
traigo
31%
vestidos
31%
Cambiar
23%
helao'
23%
Hoy
23%
millón,
23%
tragaste
23%
No se encontraron pruebas coincidentes
Distribución de puntuación
Porcentaje de gente con cada puntuación
Porcentaje por número respondido
Historial de tus puntuaciones
No has intentado esta prueba.